| 000 | 00374nam a2200157Ia 4500 | ||
|---|---|---|---|
| 008 | 221030s9999 xx 000 0 und d | ||
| 020 | _a1259062562 | ||
| 041 | _aEnglish | ||
| 100 | _aP. K. Nag | ||
| 245 | 0 |
_aEngineering Thermodynamics _cby P. K. Nag |
|
| 250 | _a5th | ||
| 260 |
_bMc Graw-Hill Pub. _aNew Delhi _c2013 |
||
| 300 | _a914 | ||
| 650 | _aCivil | ||
| 942 | _cBK | ||
| 999 |
_c14949 _d14949 |
||